01415nam a2200205 a 4500008004100000020001800041041000800059092001700067100002500084245008400109250003700193260004200230300002200272500009300294505057100387655002100958942001300979999001500992952020201007180918t2014 ag |||g||||| 001 1 spa d a9789877390025 aspa c808l51sMCG1 aMcGuire, Jamie94304 aUn desastre es para siempre.b¿Será el amor la salvación? /cJamie McGuire a1a ed.bTraducción Ana Momplet aBuenos Aires:bSuma de Letras;c2014. a160 p.c23x15 cm. aMcGuire, J.(2014). Un desastre es para siempre. (1a ed.). Buenos Aires : Suma de Letras. aSabes que Abby se ha convertido en la señora Maddox, pero... ¿lo sabes todo? ¿Por qué fue Abby quien pidió matrimonio a Travis? ¿Qué secretos salieron a la luz antes de la ceremonia? ¿Dónde pasaron su noche de bodas? ¿Quién más sabía lo que iba a pasar y no lo contó? Todo lo que rodea la boda es secreto...hasta ahora. Abby y Travis han de huis a Las Vegas, donde quizá su amor los salve una vez más. Disfruta del día de la boda y ¡de la noche de bodas también! Como ocurre con todas las buenas historias, la espera valió la pena.  aLiteratura92917 2ddccLIT c3252d3252 00102ddc4070aBFMbBFMcCRd2025-04-23eDonación Abril 2025. Chiara Montenegrol0o808 51 MCGp5009r2025-04-24tEj.1w2025-04-24yLITzDonación Abril 2025. Chiara Montenegro. Sede Tordos.f